Tištěná média jsou pro cestovní ruch stále nepostradatelná

Tlačené časopisy v porovnaní s digitálnymi časopismi. Podľa prieskumu je trikrát viac odberateľov tlačených časopisov. Článok prezentuje novú edíciu Moravských časopisov z turistických oblastí.

Guardado en:
Detalles Bibliográficos
Autor principal: Marek, Ivan
Otros Autores: Kalvach, Ondřej
Formato: Capítulo de libro
Lenguaje:checo
Materias:
Etiquetas: Agregar Etiqueta
Sin Etiquetas, Sea el primero en etiquetar este registro!

MARC

LEADER 00000naa a2200000 4500
001 0215631
005 20231115071143.5
041 0 |a cze 
044 |a CZ 
245 1 0 |a Tištěná média jsou pro cestovní ruch stále nepostradatelná  |c Ivan Marek, Ondřej Kalvach 
520 |a Tlačené časopisy v porovnaní s digitálnymi časopismi. Podľa prieskumu je trikrát viac odberateľov tlačených časopisov. Článok prezentuje novú edíciu Moravských časopisov z turistických oblastí. 
610 2 0 |a ruch cestovný 
610 2 0 |a časopisy 
610 2 0 |a tlač 
610 2 0 |a Česko 
100 1 |a Marek, Ivan 
700 1 |a Kalvach, Ondřej